| 000 | 00528nam a2200181Ia 4500 | ||
|---|---|---|---|
| 001 | 12728 | ||
| 005 | 20260306163002.0 | ||
| 008 | 260306t2023||||xx |||||||||||||| ||spa|| | ||
| 041 | _aESP | ||
| 082 |
_aHR 985.01 _bN° 3 2023 COARPE |
||
| 110 | _aColegio Profesional de Arqueólogos del Perú | ||
| 245 | 0 |
_aArqueología peruana del COARPE : _brevista del Colegio Profesional de Arqueólogos del Perú |
|
| 260 | _c2023 | ||
| 300 |
_a171 páginas : _c30 cm. |
||
| 650 | _aGEN | ||
| 654 | _aCHU | ||
| 942 |
_cREV _dJUS _fJUS _2ddc _n |
||
| 999 |
_c12728 _d12728 |
||